<?xml version="1.0" encoding="UTF-8"?><?xml-stylesheet type="text/xsl" href="static/style.xsl"?><OAI-PMH xmlns="http://www.openarchives.org/OAI/2.0/" xmlns:xsi="http://www.w3.org/2001/XMLSchema-instance" xsi:schemaLocation="http://www.openarchives.org/OAI/2.0/ http://www.openarchives.org/OAI/2.0/OAI-PMH.xsd"><responseDate>2026-06-02T17:21:58Z</responseDate><request verb="GetRecord" identifier="oai:riuma.uma.es:10630/39843" metadataPrefix="marc">https://riuma.uma.es/rest/oai/request</request><GetRecord><record><header><identifier>oai:riuma.uma.es:10630/39843</identifier><datestamp>2026-02-03T11:07:10Z</datestamp><setSpec>com_10630_2254</setSpec><setSpec>col_10630_37953</setSpec></header><metadata><record xmlns="http://www.loc.gov/MARC21/slim" xmlns:dcterms="http://purl.org/dc/terms/" xmlns:doc="http://www.lyncode.com/xoai" xmlns:xsi="http://www.w3.org/2001/XMLSchema-instance" xsi:schemaLocation="http://www.loc.gov/MARC21/slim http://www.loc.gov/standards/marcxml/schema/MARC21slim.xsd">
   <leader>00925njm 22002777a 4500</leader>
   <datafield ind2=" " ind1=" " tag="042">
      <subfield code="a">dc</subfield>
   </datafield>
   <datafield ind2=" " ind1=" " tag="720">
      <subfield code="a">Passalacqua Herrera, Víctor Mario</subfield>
      <subfield code="e">author</subfield>
   </datafield>
   <datafield ind2=" " ind1=" " tag="720">
      <subfield code="a">Pérez-Rufi, José Patricio</subfield>
      <subfield code="e">author</subfield>
   </datafield>
   <datafield ind2=" " ind1=" " tag="720">
      <subfield code="a">Martín-Martín, Penélope Noelia</subfield>
      <subfield code="e">author</subfield>
   </datafield>
   <datafield ind2=" " ind1=" " tag="260">
      <subfield code="c">2025-09-10</subfield>
   </datafield>
   <datafield ind2=" " ind1=" " tag="520">
      <subfield code="a">Este artículo presenta una revisión sistemática de la producción científica en lengua española sobre desinformación y fake news publicada en revistas académicas de Ciencias de la Comunicación indexadas en Latindex. El objetivo principal es ofrecer un mapa actualizado y comparativo del estado de la investigación en este ámbito, con objeto de identificar líneas temáticas, pautas editoriales y marcos conceptuales predominantes. Para ello, se construyen dos corpus diferenciados: uno centrado en el término desinformación (405 referencias) y otro en fake news (251 referencias), ambos extraídos del portal bibliográfico Dialnet Plus mediante filtros temáticos, idiomáticos y de indexación. La metodología empleada combina el análisis de revistas y países de publicación, la cronología de los artículos, la terminología utilizada en los títulos y la clasificación temática de los estudios. Los hallazgos revelan revelan una notable concentración editorial en España y una alta coincidencia entre las revistas más activas. La producción se intensifica a partir de 2020, aunque la producción alrededor del fenómeno de la desinformación muestra una trayectoria más extensa y académicamente consolidada que la de fake news. Las temáticas más frecuentes incluyen la manipulación política, la alfabetización mediática, la desinformación sanitaria y el papel de las tecnologías digitales. Mientras fake news se asocia a enfoques empíricos y tecnológicos, desinformación se vincula a miradas más estructurales y críticas. El estudio ofrece un mapa comparativo que pone de manifiesto la evolución y diversificación de las investigaciones sobre desinformación.</subfield>
   </datafield>
   <datafield ind1="8" ind2=" " tag="024">
      <subfield code="a">Passalacqua Herrera V. M., Pérez-Rufí J. P. y Martín-Martín P. (2025). Investigación sobre desinformación y fake news en revistas de comunicación en español: líneas, cartografía y tendencias. Estudios sobre el Mensaje Periodístico, 31(3), 655-668. https://doi.org/10.5209/emp.102187</subfield>
   </datafield>
   <datafield ind1="8" ind2=" " tag="024">
      <subfield code="a">https://hdl.handle.net/10630/39843</subfield>
   </datafield>
   <datafield ind1="8" ind2=" " tag="024">
      <subfield code="a">10.5209/emp.102187</subfield>
   </datafield>
   <datafield tag="653" ind2=" " ind1=" ">
      <subfield code="a">Ciencias sociales - Publicaciones periódicas</subfield>
   </datafield>
   <datafield tag="653" ind2=" " ind1=" ">
      <subfield code="a">Comunicación en ciencias sociales</subfield>
   </datafield>
   <datafield tag="653" ind2=" " ind1=" ">
      <subfield code="a">Comunicación - Aspectos sociales</subfield>
   </datafield>
   <datafield tag="653" ind2=" " ind1=" ">
      <subfield code="a">Redes sociales en Internet</subfield>
   </datafield>
   <datafield ind2="0" ind1="0" tag="245">
      <subfield code="a">Investigación sobre desinformación y fake news en revistas de comunicación en español: líneas, cartografía y tendencias</subfield>
   </datafield>
</record>
</metadata></record></GetRecord></OAI-PMH>